مكتبة جامعة عجلون الوطنية

فهرس بحث المكتبة

Normal view MARC view
  • بن باز، عبد العزيز بن عبد الله ؛ تحقيق وتعليق: المكتب السلفي لتحقيق التراث

Entry Personal Name

Number of records used in: 1

001 - CONTROL NUMBER

  • control field: 7964

003 - CONTROL NUMBER IDENTIFIER

  • control field: JO-AjAnu

005 - DATE AND TIME OF LATEST TRANSACTION

  • control field: 20230606071603.0

008 - FIXED-LENGTH DATA ELEMENTS

  • fixed length control field: 230606|| aca||aabn | a|a d

040 ## - CATALOGING SOURCE

  • Original cataloging agency: JO-AjAnu
  • Transcribing agency: JO-AjAnu

100 ## - HEADING--PERSONAL NAME

  • Personal name: بن باز، عبد العزيز بن عبد الله ؛ تحقيق وتعليق: المكتب السلفي لتحقيق التراث

670 ## - SOURCE DATA FOUND

  • Source citation: Work cat.: (JO-AjAnu)4113: بن باز، عبد العزيز بن عبد الله ؛ تحقيق وتعليق: المكتب السلفي لتحقيق التراث, author, الحجاب والسفور في الكتاب والسنة